00598nam a2200205Ia 4500008004100000050001600041050001500057100003200072245006800104245003200172260003100204260001000235260001000245300001600255300002000271300001100291500005600302521001500358999001900373170504s9999 xx 000 0 und d aBF 637.F67  b.C172 2016 aCamacho, Maria Esperanza P. aSelf compassion and psychological resilience of single mothers/ cMaria Esperanza P. Camacho. aLas Piñas, Philippines : bSISC, c2016. a100 pages : billustrations ; c28 cm. aIncludes bibliographical references and appendices. aPsychology c329826d329826